Datum a čas kvízu
21.5
Celkem bodů
Celkový počet nahraných bodů na tomto kvízu bez doplňovacích otázek.
8.
Pořadí na kvízu
Konečné umístění týmu na tomto kvízu.
Zaznamenané odpovědi
| # | Otázka | Odpověď | Body | Výsledky |
|---|---|---|---|---|
| 1. | Hlavní město Praha spouští nov... | 0 | ||
| 2. | Ukrajinská opoziční politička... | 0 | ||
| 3. | V pondělí byl neznámými útoční... | 0 | ||
| 4. | Senát dalšího státu schválil 2... | 1 | ||
| 5. | Žádné překvapení se nekonalo,... | 0.5 | ||
| 6. | Podíváme se na zvířata, která... | 1 | ||
| 7. | Na území kterého státu žije vě... | 0 | ||
| 8. | Asi málokoho překvapí, že druh... | 0 | ||
| 9. | Menší kočkovitá šelma margay,... | 0 | ||
| 10. | Svět je opravdu plný paradoxů.... | 1 |